000 01009nam a22003017a 4500
001 BR9803690
003 BR-BrBNA
005 20230928100003.0
007 ta
008 230509b bl.||||| |||| 00| 0 por d
040 _aBR-BrBNA
_bpor
_cBiblioteca Nacional de Agricultura
041 _a(Por)
072 _aE70
_b3322
090 _ 3322 BR9803690
100 1 _aSilveira, R.B. de A.
110 1 _aEscola Superior de Agricultura Luiz de Queiroz, Piracicaba, SP (Brasil)
_0Tese (Doutor em Agronomia)
245 1 _aAvaliacao da qualidade de crisantemos (Dendranthema grandiflora Tzvelev)produzidos em diferentes regioes do Estado de Sao Paulo
260 3 _aPiracicaba, SP (Brasil):
_c1998.
300 _a114 p.
500 _aBibliography p. 107-114; 28 tables; 23 illus.; Summaries (Eng, Por)
650 _aCrisantemo
650 _aComercializacao
650 _aControle de Qualidade
650 _aFlor para Corte
650 _aSao Paulo
909 _a202309
_bLucia
_c55
_dLucia Elande
942 _cBK
999 _c59757
_d59757